00773nam a22001097a 4500040000800000082002700008100005300035245050000088260002600588300002900614856002000643 cRUA aAVM DEA 2015 B507 Or.1 aDEART SREYTOUCH, ឌៀត ស្រីទូច aEffect of albendazole on gastrointesin parasites of gibbons at phnom tamao zoological and wildlife rescue center takeo province, ប្រសិទ្ធភាពALBENDAZOLE ក្នុងការទម្លាក់បរាសិតក្នុងក្រពះពោះវៀនសត្វទោចនៅឧទ្យានសួនសត្វភ្នំតាម៉ៅ និងមជ្ឈមណ្ឌលសង្គ្រោះសត្វព្រៃ ខេត្តតាកែវ  aPhnom PenhbRUAc2015 aviii; 39cm.bill.c29cm. uDEART SREYTOUCH